000 01103nam a2200325Ia 4500
005 20220317001412.0
008 161108s2013 ck g 000 0 spa
020 _a9789588820163
100 1 _aMunro, Alice
_d1931-
245 1 4 _aLas lunas de Júpiter
_c Alice Munro ; traducción de Esperanza Pérez Moreno
250 _a1a. edición
_b3a reimpresión
300 _a285 páginas
_c19 cm
490 _aContemporánea
521 _aRecomendado para adultos
534 _tThe moons oj jupiter
586 _aPremio Nobel de Literatura, 2013
650 1 4 _2LEMB
_aCuentos canadienses
_ySiglo XX
650 1 4 _2LEMB
_aLiteratura canadiense
_ySiglo XX
650 1 4 _2LEMB
_aMujeres en la literatura
650 1 4 _2LEMB
_aAmor en la literatura
650 1 4 _2LEMB
_aDiscriminación en la literatura
700 1 _aPérez Moreno, Esperanza
_972334
942 _2loc
_cBKLIT
264 _aBogotá
_bDebolsillo
_c[2013]
336 _atexto
_btxt
_2rdacontent
337 _asin mediación
_bn
_2rdamedia
338 _avolumen
_bnc
_2rdacarrier
040 _aCO-BoRNBP
_bspa
_erda
_cCO-BoRNBP
084 _aC MUN5
999 _c6873
_d6873